00921cam a2200253 i 450000100090000000300050000900500170001400800410003101000170007202000240008902000240011304000280013704200080016505000260017308200160019924501740021525000170038926000320040630000470043850000510048565000490053665000500058570000320063518794286sisc20160926153431.0150924s2016 enka f 000 0 eng  a 2015034291 a9781138806351 (hbk) a9781138806368 (pbk) aDLCbengcDLCerdadDLC apcc00aRC 570.2b.H365 201600a362.19689/104aThe handbook of intellectual disability and clinical psychology practice /cedited by Alan Carr, Christine Linehan, Gary O'Reilly, Patricia Noonan Walsh and John McEvoy. a2nd edition. aLondon :bRoutledge,c2016. axix, 863 pages :billustrations ;c26 cm. aIncludes bibliographical references and index. 0aMental retardationvHandbooks, manuals, etc. 0aClinical psychologyvHandbooks, manuals, etc.1 aCarr, Alan,d1957-eeditor.